| 000 | 00633nam a2200217Ia 4500 | ||
|---|---|---|---|
| 005 | 20250508161631.0 | ||
| 008 | 008 250505s9999 xx 000 0 eng d | ||
| 037 | _aTextual | ||
| 040 |
_aFEDL _beng _cFEDL |
||
| 041 |
_aeng _2eng |
||
| 084 |
_a370.1, MIC _qFEDL |
||
| 100 | _aMichaelis John U. | ||
| 245 | 0 | _aChanging patterns of Asian life | |
| 260 |
_aSan Francisco _bField Educational Publications _c1969 |
||
| 300 | _a48p. | ||
| 490 | _aAsian Studies Inquiry Program | ||
| 650 | _aEducation - Philosophy | ||
| 700 |
_a McKeown Robin J. _9771124 |
||
| 942 |
_cTEXL _h370.1, MIC |
||
| 999 |
_c1371243 _d1371243 |
||